| 000 | 00681nam a22002417a 4500 | ||
|---|---|---|---|
| 005 | 20170124110214.0 | ||
| 010 | _aA-226942 | ||
| 020 | _c00.00 | ||
| 035 | _aA-226942 | ||
| 037 | _bCen Lib/Ret | ||
| 040 |
_aDPL _bEN |
||
| 082 |
_a025.21 _bSEN |
||
| 100 |
_aSengupta, Benoyendra _9105172 |
||
| 245 |
_aBook selection / _cby Benoyendra Sengupta |
||
| 250 | _a2nd rev. enl. ed. | ||
| 260 |
_aCalcutta _bThe World Press _c1983 |
||
| 270 |
_a37,A College Street _bCalcutta |
||
| 300 |
_axiii,240p. _c21cm(Hb) |
||
| 500 | _aIncludes index | ||
| 650 |
_aBook selection _9105173 |
||
| 650 |
_aAcquisitions (Libraries) _936069 |
||
| 942 |
_2ddc _cEN _h025.21 _mSEN |
||
| 999 |
_c133735 _d133735 |
||